Fire from Heave the rises of Pentecostalism and the reshaping of Religion in the Twenty-first Century (Record no. 17251)

000 -LEADER
fixed length control field 00654nam a2200205 a 4500
001 - CONTROL NUMBER
control field :::00021097$&:&@@
003 - CONTROL NUMBER IDENTIFIER
control field OkBaRHE
005 - DATE AND TIME OF LATEST TRANSACTION
control field 20070403182043.0
008 - FIXED-LENGTH DATA ELEMENTS--GENERAL INFORMATION
fixed length control field s1995 j 000 0 eng u
020 ## - INTERNATIONAL STANDARD BOOK NUMBER
International Standard Book Number 020162656x
040 ## - CATALOGING SOURCE
Transcribing agency
100 1# - MAIN ENTRY--PERSONAL NAME
Personal name Cox, Harvey
245 10 - TITLE STATEMENT
Title Fire from Heave the rises of Pentecostalism and the reshaping of Religion in the Twenty-first Century
250 ## - EDITION STATEMENT
Edition statement 1st
260 ## - PUBLICATION, DISTRIBUTION, ETC. (IMPRINT)
Place of publication, distribution, etc Reading, Mass
Name of publisher, distributor, etc Addison-Wesley Pub
Date of publication, distribution, etc 1995
300 ## - PHYSICAL DESCRIPTION
Extent xviii 346p :23cm
650 ## - SUBJECT ADDED ENTRY--TOPICAL TERM
Topical term or geographic name as entry element Pentecostalism-History
942 ## - ADDED ENTRY ELEMENTS (KOHA)
Source of classification or shelving scheme
Koha item type Books
Copies
Withdrawn status Koha item type Date acquired Source of classification or shelving scheme Permanent Location Full call number Damaged status Price effective from Date last seen Not for loan Barcode Lost status Copy number Shelving location
 Books2010-04-14 RHEMA Bible Training CollegeBX 8763 .C68 2010-04-142010-04-14 21097 1General Stacks